Wiedza na mapie cz. 2 Stolice znanych państw (bez Europy) - Statystyki

Ogólne statystyki
  • Ten quiz został rozwiązany 188 razy
  • Średni wynik to 21 z 28
Statystyki odpowiedzi
Hint Odpowiedź % Poprawnych
Chiny Pekin
99%
Meksyk Meksyk
98%
Japonia Tokio
98%
Stany Zjednoczone Waszyngton
97%
Kanada Ottawa
96%
Argentyna Buenos Aires
93%
Brazylia Brasilia
88%
Korea Południowa Seul
86%
Australia Canberra
82%
Izrael Jerozolima
80%
Peru Lima
79%
Indie Nowe Delhi
79%
Singapur Singapur
79%
Kazachstan Nur-Sułtan
78%
Algieria Algier
74%
RPA Pretoria, Kapsztad
73%
Iran Teheran
73%
Kolumbia Bogota
71%
Urugwaj Montevideo
70%
Chile Santiago
68%
Korea Północna Pyongyang
67%
Indonezja Dżakarta
66%
Tajlandia Bangkok
65%
Wietnam Hanoi
61%
Nowa Zelandia Wellington
60%
Arabia Saudyjska Rijad
57%
Filipiny Manila
53%
Malezja Kuala Lumpur
47%
Nie znaleziono quizów pasujących do podanych kryteriów
Rozkład punktacji
Procent ludzi z każdym wynikiem
Percentyl według liczby udzielonych odpowiedzi
Twoja historia wyników
Nie rozwiązałeś tego quizu